书目信息 |
| 题名: |
Internet宽带共享与网络服务器搭建
|
|
| 作者: | 刘晓辉 , 孙红丽 编著 | |
| 分册: | ||
| 出版信息: | 北京 清华大学出版社 2005.8 |
|
| 页数: | 271页 | |
| 开本: | 26cm | |
| 丛书名: | ||
| 单 册: | ||
| 中图分类: | TN915.142 , TP368.5 | |
| 科图分类: | ||
| 主题词: | 宽带通信系统--kuan dai tong xin xi tong--计算机通信网--基本知识 , 网络服务器--wang luo fu wu qi--基本知识 , 计算机通信网--ji suan ji tong xin wang | |
| 电子资源: | ||
| ISBN: | 7-302-11415-3 | |
| 000 | 01274nam0 2200325 450 | |
| 000 | 01293nam0 2200325 450 | |
| 000 | 01256nam0 2200313 450 | |
| 000 | 01213nam0 2200301 450 | |
| 000 | 01202nam0 2200301 450 | |
| 000 | 01165nam0 2200289 45 | |
| 001 | 012005000000 | |
| 005 | 20051214101501.14 | |
| 010 | @a7-302-11415-3@dCNY25.00 | |
| 100 | @a20051008d2005 em y0chiy0121 ea | |
| 101 | 0 | @achi |
| 102 | @aCN@b110000 | |
| 105 | @ay z 000yy | |
| 200 | 1 | @aInternet宽带共享与网络服务器搭建@AInternet kuan dai gong xiang yu wang luo fu wu qi da jian@f刘晓辉,孙红丽编著 |
| 210 | @a北京@c清华大学出版社@d2005.8 | |
| 215 | @a271页@d26cm | |
| 330 | @a本书共分为12章,分别介绍了计算机网络与Internet的接入方式,动态DNS解析的方法与实现过程,Web服务器、E-mail服务器、FTP服务器、视频点播服务器、BBS服务器、聊天服务器和BT服务器的搭建方法,以及网络服务器的安全管理等内容。 | |
| 606 | 0 | @a宽带通信系统@Akuan dai tong xin xi tong@x计算机通信网@x基本知识 |
| 606 | 0 | @a网络服务器@Awang luo fu wu qi@x基本知识 |
| 606 | 0 | @a计算机通信网@Aji suan ji tong xin wang |
| 690 | @aTN915.142@v4 | |
| 690 | @aTP368.5@v4 | |
| 701 | 0 | @a刘晓辉@Aliu xiao hui@4编著 |
| 701 | 0 | @a孙红丽@Asun hong li@4编著 |
| 801 | 0 | @aCN@bSRXX@c20051214 |
| 905 | @a10447@dTN915.142@eL690 | |
| Internet宽带共享与网络服务器搭建/刘晓辉,孙红丽编著.-北京:清华大学出版社,2005.8 |
| 271页;26cm |
| ISBN 7-302-11415-3:CNY25.00 |
| 本书共分为12章,分别介绍了计算机网络与Internet的接入方式,动态DNS解析的方法与实现过程,Web服务器、E-mail服务器、FTP服务器、视频点播服务器、BBS服务器、聊天服务器和BT服务器的搭建方法,以及网络服务器的安全管理等内容。 |
| ● |
| 相关链接 |
|
|
|
正题名:Internet宽带共享与网络服务器搭建
索取号:TN915.142/L690
 
预约/预借
| 序号 | 登录号 | 条形码 | 馆藏地/架位号 | 状态 | 备注 |
| 1 | 547818 | 205478188 | 自科库301/301自科库 998排3列2层/ [索取号:TN915.142/L690] | 在馆 | |
| 2 | 547819 | 205478197 | 自科库301/301自科库 998排3列2层/ [索取号:TN915.142/L690] | 在馆 | |
| 3 | 547820 | 205478204 | 自科库301/301自科库 29排3列2层/ [索取号:TN915.142/L690] | 在馆 |